| 000 | 00513nam a2200181Ia 4500 | ||
|---|---|---|---|
| 999 |
_c5627 _d5627 |
||
| 003 | OSt | ||
| 005 | 20200124104304.0 | ||
| 008 | 190216s9999||||xx |||||||||||||| ||und|| | ||
| 020 | _a8172243421 | ||
| 040 | _coclc | ||
| 082 |
_a658.4012 _bMOL/S |
||
| 100 |
_aMolz, Rick _91492 |
||
| 245 | 0 |
_aSteps To Strategic Management / _cRick Molz |
|
| 260 |
_bJaico Publishing House, _c1988. _aBombay: |
||
| 300 | _a184p | ||
| 650 | _aManagement | ||
| 942 |
_cBK _2ddc _h658.4012 _iMOL/S _k658.4012 _mMOL/S |
||